Statistics for Zelda

Click here to take the quiz!

General Stats

  • This quiz has been taken 144 times
  • The average score is 4 of 7

Answer Stats

HintAnswer% Correct
Who is the protagonist in the games?Link
94%
Who is the antagonist in the games?Ganondorf
88%
Where does Zelda: Majora's Mask take place?Termina
80%
What console was Zelda: Ocarina of Time first released on?Nintendo 64
75%
What does the Triforce stand for?Power, Wisdom, Courage
17%
What is the latest Zelda game?Zelda: Breath of the Wild
5%
In what game is Link The Hero of Winds?Zelda: The Wind Waker
4%

Score Distribution

Percentile by Number Answered

Percent of People with Each Score

Your Score History

You have not taken this quiz